<?xml version="1.0" encoding="UTF-8"?>
<record
    xmlns:xsi="http://www.w3.org/2001/XMLSchema-instance"
    xsi:schemaLocation="http://www.loc.gov/MARC21/slim http://www.loc.gov/standards/marcxml/schema/MARC21slim.xsd"
    xmlns="http://www.loc.gov/MARC21/slim">

  <leader>00458nam a22001577a 4500</leader>
  <controlfield tag="003">OSt</controlfield>
  <controlfield tag="005">20241204164749.0</controlfield>
  <controlfield tag="008">241204b        |||||||| |||| 00| 0 eng d</controlfield>
  <datafield tag="020" ind1=" " ind2=" ">
    <subfield code="a">9789355327208</subfield>
  </datafield>
  <datafield tag="040" ind1=" " ind2=" ">
    <subfield code="c">IIMT UNIVERSITY MEERUT</subfield>
  </datafield>
  <datafield tag="100" ind1=" " ind2=" ">
    <subfield code="a">SINGH RAMESH</subfield>
  </datafield>
  <datafield tag="245" ind1=" " ind2=" ">
    <subfield code="a">INDIAN ECONOMY FOR CIVIL SERVICES &amp; OTHER COMPETITIVE EXAMINATION</subfield>
  </datafield>
  <datafield tag="260" ind1=" " ind2=" ">
    <subfield code="a">MC.GRAW HILL DELHI</subfield>
    <subfield code="b">MC.GRAW HILL DELHI</subfield>
    <subfield code="c">MC.GRAW HILL DELHI</subfield>
  </datafield>
  <datafield tag="300" ind1=" " ind2=" ">
    <subfield code="a">498</subfield>
  </datafield>
  <datafield tag="942" ind1=" " ind2=" ">
    <subfield code="2">ddc</subfield>
    <subfield code="c">01</subfield>
    <subfield code="e">16TH</subfield>
  </datafield>
  <datafield tag="999" ind1=" " ind2=" ">
    <subfield code="c">64731</subfield>
    <subfield code="d">64731</subfield>
  </datafield>
  <datafield tag="952" ind1=" " ind2=" ">
    <subfield code="0">0</subfield>
    <subfield code="1">0</subfield>
    <subfield code="2">ddc</subfield>
    <subfield code="4">0</subfield>
    <subfield code="7">0</subfield>
    <subfield code="a">01</subfield>
    <subfield code="b">01</subfield>
    <subfield code="d">2024-12-03</subfield>
    <subfield code="e">ARISTA</subfield>
    <subfield code="i">HO/IN/88/30-11-2024</subfield>
    <subfield code="l">11</subfield>
    <subfield code="p">01-B-143172</subfield>
    <subfield code="r">2025-06-12</subfield>
    <subfield code="s">2025-06-04</subfield>
    <subfield code="u">Indian Economy</subfield>
    <subfield code="w">2024-12-04</subfield>
    <subfield code="y">01</subfield>
  </datafield>
  <datafield tag="952" ind1=" " ind2=" ">
    <subfield code="0">0</subfield>
    <subfield code="1">0</subfield>
    <subfield code="2">ddc</subfield>
    <subfield code="4">0</subfield>
    <subfield code="7">0</subfield>
    <subfield code="a">01</subfield>
    <subfield code="b">01</subfield>
    <subfield code="d">2024-12-03</subfield>
    <subfield code="e">ARISTA</subfield>
    <subfield code="i">HO/IN/88/30-11-2024</subfield>
    <subfield code="p">01-B-143173</subfield>
    <subfield code="r">2024-12-04</subfield>
    <subfield code="u">Indian Economy</subfield>
    <subfield code="w">2024-12-04</subfield>
    <subfield code="y">01</subfield>
  </datafield>
  <datafield tag="952" ind1=" " ind2=" ">
    <subfield code="0">0</subfield>
    <subfield code="1">0</subfield>
    <subfield code="2">ddc</subfield>
    <subfield code="4">0</subfield>
    <subfield code="7">0</subfield>
    <subfield code="a">01</subfield>
    <subfield code="b">01</subfield>
    <subfield code="d">2024-12-03</subfield>
    <subfield code="e">ARISTA</subfield>
    <subfield code="i">HO/IN/88/30-11-2024</subfield>
    <subfield code="p">01-B-143174</subfield>
    <subfield code="r">2024-12-04</subfield>
    <subfield code="u">Indian Economy</subfield>
    <subfield code="w">2024-12-04</subfield>
    <subfield code="y">01</subfield>
  </datafield>
  <datafield tag="952" ind1=" " ind2=" ">
    <subfield code="0">0</subfield>
    <subfield code="1">0</subfield>
    <subfield code="2">ddc</subfield>
    <subfield code="4">0</subfield>
    <subfield code="7">0</subfield>
    <subfield code="a">01</subfield>
    <subfield code="b">01</subfield>
    <subfield code="d">2024-12-03</subfield>
    <subfield code="e">ARISTA</subfield>
    <subfield code="i">HO/IN/88/30-11-2024</subfield>
    <subfield code="p">01-B-143175</subfield>
    <subfield code="r">2024-12-04</subfield>
    <subfield code="u">Indian Economy</subfield>
    <subfield code="w">2024-12-04</subfield>
    <subfield code="y">01</subfield>
  </datafield>
  <datafield tag="952" ind1=" " ind2=" ">
    <subfield code="0">0</subfield>
    <subfield code="1">0</subfield>
    <subfield code="2">ddc</subfield>
    <subfield code="4">0</subfield>
    <subfield code="7">0</subfield>
    <subfield code="a">01</subfield>
    <subfield code="b">01</subfield>
    <subfield code="d">2024-12-03</subfield>
    <subfield code="e">ARISTA</subfield>
    <subfield code="i">HO/IN/88/30-11-2024</subfield>
    <subfield code="p">01-B-143176</subfield>
    <subfield code="r">2024-12-04</subfield>
    <subfield code="u">Indian Economy</subfield>
    <subfield code="w">2024-12-04</subfield>
    <subfield code="y">01</subfield>
  </datafield>
</record>
